000 00452nam a2200169Ia 4500
001 11702
005 20260306162847.0
008 260306t9999||||xx |||||||||||||| ||spa||
041 _aESP
082 _aHF 155.4
_bM61
110 _aMinisterio de Educación
245 0 _aEjercicios que facilitan el desarrollo del niño en el primer año de vida
300 _a64 páginas :
_c21 cm.
650 _aGEN
654 _aCPS
942 _cLIB
_dJUS
_fJUS
_2ddc
_n
999 _c11702
_d11702